[Event "Galapagar op 10th"]
[Site "Galapagar"]
[Date "2009.07.23"]
[Round "6"]
[White "Sotoca Aguado, Jose"]
[Black "Beltran de Heredia Y Alonso, Miguel Angel"]
[Result "1-0"]
[WhiteElo "2023"]
[BlackElo "1931"]
[PlyCount "45"]
[EventDate "2009.07.18"]
[EventType "swiss"]
[EventRounds "9"]
[EventCountry "ESP"]
[SourceTitle "EXT 2010"]
[Source "ChessBase"]
[SourceDate "2010.11.25"]
[SourceVersion "1"]
[SourceVersionDate "2010.11.25"]
[SourceQuality "1"]

1. e4 c5 2. Nc3 Nc6 3. f4 e6 4. Nf3 d5 5. Bb5 a6 6. Bxc6+ bxc6 7. d3 Be7 8. 0-0 Nf6 9. Qe1 d4 10. Ne2 Rb8 11. b3 Qc7 12. Ng3 0-0 13. Bd2 Bd8 14. Ne5 h5 15. Qe2 g6 16. Rae1 Kg7 17. f5 exf5 18. Bf4 Qb7 19. exf5 h4 20. fxg6 hxg3 21. Nxf7 gxh2+ 22. Kh1 Bc7 23. Be5 1-0

[Event "Madrid San Viator 11th"]
[Site "Madrid"]
[Date "2008.10.12"]
[Round "3.2"]
[White "Fernandez del Rio, Sergio"]
[Black "Beltran de Heredia Y Alonso, Miguel Angel"]
[Result "1/2-1/2"]
[WhiteElo "1953"]
[BlackElo "1906"]
[PlyCount "155"]
[EventDate "2008.09.28"]
[EventType "swiss"]
[EventRounds "9"]
[EventCountry "ESP"]
[SourceTitle "EXT 2024"]
[Source "ChessBase"]
[SourceDate "2023.10.10"]
[SourceVersion "1"]
[SourceVersionDate "2023.10.10"]
[SourceQuality "1"]

1. e4 c5 2. Nf3 a6 3. d4 cxd4 4. Nxd4 Nf6 5. Nc3 e5 6. Nb3 Bb4 7. Bg5 0-0 8. Be2 h6 9. Bxf6 Qxf6 10. 0-0 Bxc3 11. bxc3 b6 12. Rb1 Bb7 13. f3 Qc6 14. c4 a5 15. Qd2 Ba6 16. Qd5 Qxd5 17. exd5 d6 18. Nd2 Nd7 19. Ne4 Nf6 20. Nxf6+ gxf6 21. Rxb6 Rfc8 22. Rxd6 Kg7 23. Rd1 Bxc4 24. Bxc4 Rxc4 25. Rc6 Rxc6 26. dxc6 Kf8 27. c4 Rc8 28. Rd6 Ke7 29. c5 h5 30. Kf2 f5 31. Ke3 Rd8 32. Rh6 Rd5 33. Rxh5 Rxc5 34. Rxf5 Ke6 35. Rh5 Rxc6 36. f4 exf4+ 37. Kxf4 Rc4+ 38. Ke3 Ra4 39. h3 Rxa2 40. g4 a4 41. Kf4 a3 42. Ra5 Kf6 43. Ra6+ Kg7 44. Kg5 Ra1 45. Ra7 a2 46. h4 Rb1 47. Rxa2 Rb5+ 48. Kf4 Rb4+ 49. Kg3 Rb3+ 50. Kh2 Rb4 51. Rg2 Kg6 52. Kh3 Rb3+ 53. Rg3 Rb2 54. Ra3 Kg7 55. Kg3 Rb4 56. Kf3 Rc4 57. Re3 Rb4 58. Re4 Rb3+ 59. Kf4 Rb1 60. Kf5 Rb5+ 61. Re5 Rb1 62. Rc5 Re1 63. g5 Rh1 64. Kg4 Rg1+ 65. Kh3 Rh1+ 66. Kg3 Rg1+ 67. Kh2 Rg4 68. Kh3 Rg1 69. h5 Rh1+ 70. Kg4 Rg1+ 71. Kf5 Rf1+ 72. Ke4 Rh1 73. h6+ Kg6 74. Kf4 Rf1+ 75. Kg3 Rh1 76. Kg2 Rh5 77. Kg3 f6 78. Kg4 1/2-1/2